000 00386 a2200157 4500
005 20250629115344.0
020 _a978-1-292-20862-6
082 _a657 SAN
100 _aSANGSTER, A
245 _aBusiness Accounting
250 _a14 Ed.
260 _aLondon
_bPearson
_c2018.
300 _axxii,780p.: ill.; figures
_bAppendix, Index
_c24cm
700 _aLewis Gordon
942 _2ddc
_cBKS
999 _c6302
_d6302